| LEADER | 00684nam a2200205 a 4500 | ||
|---|---|---|---|
| 001 | GR-MES5389 | ||
| 008 | 991111s1995 enk 000 b eng d | ||
| 020 | |a 0273605127 | ||
| 040 | |a GrPaTEI |b gre |c GR-PaULI | ||
| 245 | 0 | 0 | |a Accounting theory. |
| 260 | |a London : |b Pitman, |c 1995 | ||
| 300 | |a 370σελ. | ||
| 650 | 4 | |a Λογιστική | |
| 700 | 1 | |a Johansson, S. | |
| 700 | 1 | |a Ostman, L. | |
| 710 | 0 | |a Pitman | |
| 942 | |2 ddc | ||
| 952 | |0 0 |1 0 |2 ddc |4 0 |6 657_000000000000000_JOH |7 0 |9 275975 |a MSLG |b MSLG |c BSC |d 2021-01-17 |e 24 |f 0 |g 0.00 |l 0 |o 657 JOH |p 2420000014992 |r 2021-01-17 00:00:00 |t 1 |w 2021-01-17 |y BK15 |x 19991111 0 1 |x GrPaTEI | ||
| 971 | |a .b25838568 |b 15-04-20 |c 14-09-16 | ||
| 999 | |c 159998 |d 159998 | ||